<?xml version="1.0" encoding="UTF-8"?><?xml-stylesheet type="text/xsl" href="static/style.xsl"?><OAI-PMH xmlns="http://www.openarchives.org/OAI/2.0/" xmlns:xsi="http://www.w3.org/2001/XMLSchema-instance" xsi:schemaLocation="http://www.openarchives.org/OAI/2.0/ http://www.openarchives.org/OAI/2.0/OAI-PMH.xsd"><responseDate>2026-04-18T07:00:18Z</responseDate><request verb="GetRecord" identifier="oai:www.recercat.cat:10459.1/66021" metadataPrefix="marc">https://recercat.cat/oai/request</request><GetRecord><record><header><identifier>oai:recercat.cat:10459.1/66021</identifier><datestamp>2024-12-05T21:23:53Z</datestamp><setSpec>com_2072_3622</setSpec><setSpec>col_2072_479130</setSpec></header><metadata><record xmlns="http://www.loc.gov/MARC21/slim" xmlns:dcterms="http://purl.org/dc/terms/" xmlns:xsi="http://www.w3.org/2001/XMLSchema-instance" xmlns:doc="http://www.lyncode.com/xoai" xsi:schemaLocation="http://www.loc.gov/MARC21/slim http://www.loc.gov/standards/marcxml/schema/MARC21slim.xsd">
   <leader>00925njm 22002777a 4500</leader>
   <datafield ind2=" " ind1=" " tag="042">
      <subfield code="a">dc</subfield>
   </datafield>
   <datafield ind2=" " ind1=" " tag="720">
      <subfield code="a">Lorente Fernández, José</subfield>
      <subfield code="e">author</subfield>
   </datafield>
   <datafield ind2=" " ind1=" " tag="260">
      <subfield code="c">2019-01-16T13:27:53Z</subfield>
   </datafield>
   <datafield ind2=" " ind1=" " tag="260">
      <subfield code="c">2019-01-16T13:27:53Z</subfield>
   </datafield>
   <datafield ind2=" " ind1=" " tag="260">
      <subfield code="c">2015-10-12</subfield>
   </datafield>
   <datafield ind2=" " ind1=" " tag="520">
      <subfield code="a">La transformación de frutas cítricas en Zumos, es una industria consolidada en España y representa un 50 % del volumen procesado en la cuenca Mediterránea y un porcentaje mayor en la UE.La caracterización del Zumo de Limón en la UE no se ajusta a todos los parámetros del Zumo de Limón español. Es necesario una actualización de dicha guía, siguiendo los criterios de cambio establecidos por AIJN. Este estudio pretende  conocer los parámetros del Zumo de Limón español (Directo e Industrial) de 3 campañas, comparar los datos entre sí y con los datos de la Guía de AIJN para Zumo de Limón y aclarar las diferencias donde las haya. Pretende explicar estas diferencias con los parámetros climáticos y relacionarlos en su caso con el Cambio climático. Así caracterizaremos el Zumo de Limón español con datos válidos para cambiar los parámetros necesarios en la Guía de Zum de Limón de AIJN.</subfield>
   </datafield>
   <datafield ind1="8" ind2=" " tag="024">
      <subfield code="a">http://hdl.handle.net/10459.1/66021</subfield>
   </datafield>
   <datafield tag="653" ind2=" " ind1=" ">
      <subfield code="a">Zumo de limon</subfield>
   </datafield>
   <datafield tag="653" ind2=" " ind1=" ">
      <subfield code="a">Caracterizacion</subfield>
   </datafield>
   <datafield tag="653" ind2=" " ind1=" ">
      <subfield code="a">Subproductos</subfield>
   </datafield>
   <datafield tag="653" ind2=" " ind1=" ">
      <subfield code="a">Tecnologia d'Aliments</subfield>
   </datafield>
   <datafield tag="653" ind2=" " ind1=" ">
      <subfield code="a">663/664</subfield>
   </datafield>
   <datafield ind2="0" ind1="0" tag="245">
      <subfield code="a">Caracterización del zumo de limón español (Citrus limon (L.) Burm.) y valorización de subproductos industriales</subfield>
   </datafield>
</record></metadata></record></GetRecord></OAI-PMH>